| 000 | 00838nam a2200277 i 4500 | ||
|---|---|---|---|
| 003 | EG-GICUC | ||
| 005 | 20260422163456.0 | ||
| 008 | 260422s1905 fr ||||fr|||| 00| 0 fre d | ||
| 040 |
_aEG-GiCUC _bfre _cEG-GiCUC _dEG-GiCUC _eRda |
||
| 082 | 0 | 4 |
_221 _a343.6 _bMA . C |
| 092 | 0 | 4 | _221 |
| 099 | _aLaw1 10 343.6 MA . C 1905 | ||
| 100 | 1 |
_aMaxwell,J. _eAuteur |
|
| 245 | 1 | 0 |
_aLe Crime et la Société / _cJ. Maxwell. |
| 264 | 1 |
_aParis : _bErnest Flammarion, _c1905. |
|
| 300 |
_a355 page ; _c 24 cm. |
||
| 336 |
_2rda contenu _a texte |
||
| 337 |
_2rda medias _aOrdinateur |
||
| 338 |
_2 transporteur rda _a Ressource en ligne |
||
| 546 | _aTexte en français | ||
| 650 | 1 | _aDroit Pénal | |
| 650 | 1 | _aSciences Criminelles | |
| 856 | 4 | 0 | _uhttps://fll.law.cu.edu.eg/fulltext/bks/B10-19866.pdf |
| 905 | _a59 | ||
| 942 |
_2ddc _n0 _cBK _e21 |
||
| 999 |
_c72840 _d72840 |
||